000 01005nam a2200289 a 4500
003 AR-BaBNM
005 20251128203324.0
008 082120s2002 ||||||||||||||000 | spa||
040 _cAR-BaBNM
100 1 _aMuzzio, Nelly C.
245 0 0 _a¿Qué es el planeamiento integral de la educación?
260 _aSanta Fe
_bCastellví
_c1964
300 _a56 p.
500 _aContiene en apéndice: La formación de técnicos en planeamiento integral de la educación en la República Argentina
500 _aNoticia sobre el planeamiento integral de la educación en el mundo
500 _aPlan decenal de educación de la Alianza para el Progreso
610 2 4 _aAlianza para el Progreso
650 4 _aPLANES EDUCACIONALES
650 4 _aSOCIOLOGIA DE LA EDUCACION
650 4 _aESTADO Y EDUCACION
650 4 _aDESARROLLO DE LA EDUCACION
650 4 _aPOLITICA EDUCATIVA
650 4 _aDEMOCRATIZACION DE LA EDUCACION
650 4 _aRELACION FAMILIA-ESCUELA
942 _cBK
998 _cSILVI
999 _c2892
_d2892